The apple that astonished Paris : poems /

Uložené v:
Podrobná bibliografia
Hlavný autor: Collins, Billy (Author)
Médium: Kniha
Jazyk:English
Vydané: Fayetteville ; London : The University of Arkansas Press, 1988
Vydanie:[1st ed.]
Témy:
ISBN: 155728024X (brož.)
Fyzický popis: x, 61 s. ; 21 cm
Tagy: Pridať tag
Žiadne tagy, Buďte prvý kto otaguje tento záznam!

MARC

LEADER 00000nam a2200000 a 4500
001 000000198
005 20040316143224.0
008 040219s1988 xxu j engo
020 |a 155728024X (brož.) 
040 |a SVKKK  |b slo  |c SVKKK  |e AACR2 
041 0 |a eng 
044 |a xxu  |c US 
072 7 |a 821.111(73)-1  |x Americká poézia  |2 konspekt 
080 |a 821.111(73)-1  |2 1997 
080 |a (0:82-1)  |2 1997 
100 1 |a Collins, Billy  |4 aut 
245 1 0 |a The apple that astonished Paris :  |b poems /  |c by Billy Collins 
250 |a [1st ed.] 
260 |a Fayetteville ;  |a London :  |b The University of Arkansas Press,  |c 1988 
300 |a x, 61 s. ;  |c 21 cm 
500 |a Ilustrácia na obálke 
655 7 |a americká poézia  |2 SVKKKPH 
655 7 |a umelecká literatúra  |2 SVKKKPH 
919 |a 1-55728-024-X 
998 |a BK 
090 |g SCKUS  |k Americké centrum  |a IV.190108  |j 959618  |i 2720019984  |s Voľný výber